000
00293nam a22001217a 4500
008
160504b xxu||||| |||| 00| 0 eng d
020
_a
9780323013499
020
_a
032301349
041
_a
eng
080
_a
618.2
245
_a
Calculate urth confidence:
_c
Deborah Gray Morris;
942
_2
udc
_c
BK
999
_c
1790
_d
1790